The evolution of reason : Logic as a branch of biology
In this book, William S. Cooper outlines a theory of rationality in which logical law emerges as an intrinsic aspect of evolutionary biology. He examines the connections between logic and evolutionary biology and illustrates how logical rules are derived directly from evolutionary principles, and th...
Đã lưu trong:
| 主要作者: | |
|---|---|
| 格式: | 圖書 |
| 語言: | Undetermined |
| 出版: |
Cambridge, UK
Cambridge University Press
2001
|
| 主題: | |
| 標簽: |
添加標簽
沒有標簽, 成為第一個標記此記錄!
|
| Thư viện lưu trữ: | Trung tâm Học liệu Trường Đại học Cần Thơ |
|---|
| LEADER | 01125nam a2200229Ia 4500 | ||
|---|---|---|---|
| 001 | CTU_167110 | ||
| 008 | 210402s9999 xx 000 0 und d | ||
| 020 | |c 110 | ||
| 082 | |a 570.1 | ||
| 082 | |b C778 | ||
| 100 | |a Cooper, William S. | ||
| 245 | 4 | |a The evolution of reason : | |
| 245 | 0 | |b Logic as a branch of biology | |
| 245 | 0 | |c William S. Cooper | |
| 260 | |a Cambridge, UK | ||
| 260 | |b Cambridge University Press | ||
| 260 | |c 2001 | ||
| 520 | |a In this book, William S. Cooper outlines a theory of rationality in which logical law emerges as an intrinsic aspect of evolutionary biology. He examines the connections between logic and evolutionary biology and illustrates how logical rules are derived directly from evolutionary principles, and therefore, have no independent status of their own. This biological perspective on logic, though at present unorthodox, could change traditional ideas about the reasoning process. | ||
| 650 | |a Biology,Logic,Sinh học,Logic học | ||
| 650 | |x Philosophy,Triết lý | ||
| 904 | |i Đình Thư, Trúc | ||
| 980 | |a Trung tâm Học liệu Trường Đại học Cần Thơ | ||